The Croods - Characters by Picture - Statistics

General Stats
  • This quiz has been taken 38 times
  • The average score is 8 of 38
Answer Stats
Picture Answer % Correct
Grug Crood
93%
Guy Crood
83%
Eep Crood
70%
Belt Crood
63%
Gran Stonewell
63%
Thunk Crood
60%
Sandy Crood
57%
Ugga Crood
53%
Dawn Betterman
37%
Sash
37%
Hope Betterman
33%
Phil Betterman
33%
Bearowl
7%
Kevin
7%
Lerk Crood
7%
Meep Boor
7%
Old Man Root
7%
One-Eyed Amber
7%
Snoot Boor
7%
Womp
7%
Baitsy
3%
Creepo Monkey
3%
Crud
3%
Earl
3%
Little Mantrap
3%
Mosh
3%
Mow
3%
Munk
3%
Night Mare
3%
Pat
3%
Pram
3%
Pup Howler
3%
Shaman Monkey
3%
Squawk
3%
Steve
3%
Sulk
3%
Tyrannaconda
3%
Yelp
3%
No matching quizzes found
Score Distribution
Percent of People with Each Score
Percentile by Number Answered
Your Score History
You have not taken this quiz